"Management: Principles, Processes and Practices" (Record no. 49163)

MARC details
000 -LEADER
fixed length control field 00398nam a2200157Ia 4500
008 - FIXED-LENGTH DATA ELEMENTS--GENERAL INFORMATION
fixed length control field 230524s9999 xx 000 0 und d
082 ## - DEWEY DECIMAL CLASSIFICATION NUMBER
Classification number 4.378
Item number BHA
100 ## - MAIN ENTRY--AUTHOR NAME
Personal name Anil Bhat
245 #0 - TITLE STATEMENT
Title "Management: Principles, Processes and Practices"
260 ## - PUBLICATION, DISTRIBUTION, ETC. (IMPRINT)
Place of publication OXFORD
Name of publisher Oxford
Year of publication 2010
300 ## - PHYSICAL DESCRIPTION
Number of Pages XVI;890
500 ## - GENERAL NOTE
General note Quantity Number: 6
650 ## - SUBJECT ADDED ENTRY--TOPICAL TERM
Topical Term Management
700 ## - ADDED ENTRY--PERSONAL NAME
Personal name Arya Kumar
942 ## - ADDED ENTRY ELEMENTS (KOHA)
Koha item type Books
Holdings
Lost status Damaged status Permanent Location Current Location Shelving location Date acquired Full call number Accession Number Koha item type
    Central Library, Trident Academy of Technology Central Library, Trident Academy of Technology General Stacks 05/24/2023 004.378 BHA 42396 Books
    Central Library, Trident Academy of Technology Central Library, Trident Academy of Technology General Stacks 05/24/2023 004.378 BHA 42397 Books
    Central Library, Trident Academy of Technology Central Library, Trident Academy of Technology General Stacks 05/24/2023 004.378 BHA 42398 Books
    Central Library, Trident Academy of Technology Central Library, Trident Academy of Technology General Stacks 05/24/2023 004.378 BHA 42399 Books
    Central Library, Trident Academy of Technology Central Library, Trident Academy of Technology General Stacks 05/24/2023 004.378 BHA 42692 Books
    Central Library, Trident Academy of Technology Central Library, Trident Academy of Technology General Stacks 05/24/2023 004.378 BHA 42693 Books
Trident Academy of Technology © 2023.
All rights reserved.                                                                                                                                                                                                        Designed by Team of Central Library .

Powered by Koha